Normal view
MARC view
- MS-MTS-16
Entry Topical Term
001 - CONTROL NUMBER
- control field: 73170
003 - CONTROL NUMBER IDENTIFIER
- control field: NUST
005 - DATE AND TIME OF LATEST TRANSACTION
- control field: 20210628204957.0
008 - FIXED-LENGTH DATA ELEMENTS
- fixed length control field: 210628|| aca||aabn | a|a d
040 ## - CATALOGING SOURCE
- Original cataloging agency: NUST
- Transcribing agency: NUST
150 ## - HEADING--TOPICAL TERM
- Topical term or geographic name entry element: MS-MTS-16
670 ## - SOURCE DATA FOUND
- Source citation: Work cat.: (NUST): IMRAN QAYYUM MUNDIAL 73169, TH-SOF-1766-Machine vision based Facial Recognition system with Database Management System for Gate Access Control and Attendance System, 2020
